[Event "St Veit op-B 27th"]
[Site "St Veit"]
[Date "2008.07.06"]
[Round "?"]
[White "Wedam, Hans"]
[Black "Bornet, Rene"]
[Result "0-1"]
[WhiteElo "1910"]
[BlackElo "1988"]
[PlyCount "80"]
[EventDate "2008.07.05"]
[EventType "swiss"]
[EventRounds "9"]
[EventCountry "AUT"]
[SourceTitle "EXT 2024"]
[Source "ChessBase"]
[SourceDate "2023.10.10"]
[SourceVersion "1"]
[SourceVersionDate "2023.10.10"]
[SourceQuality "1"]

1. d4 g6 2. c4 Bg7 3. Nc3 d6 4. Bg5 Nc6 5. e3 Nf6 6. Nf3 h6 7. Bxf6 Bxf6 8. Bd3 0-0 9. 0-0 e5 10. dxe5 Nxe5 11. Nxe5 Bxe5 12. Qc2 b6 13. f4 Bxc3 14. Qxc3 f5 15. Rf3 Qf6 16. Qc2 Bb7 17. Rg3 Rae8 18. Re1 Be4 19. Bxe4 Rxe4 20. b3 Kh7 21. Rf3 Rfe8 22. Qd3 a5 23. Rf2 R8e7 24. g3 Qe6 25. Rfe2 Qd7 26. a4 Qc6 27. Kf2 Qc5 28. Kf3 Qb4 29. Rd1 Qc5 30. h3 Qc6 31. Qd5 Qe8 32. Rde1 Qf8 33. h4 Qf6 34. Qd2 Kg8 35. Qd5+ Kf8 36. Qd2 g5 37. Qb2 Rxe3+ 38. Kf2 Qxb2 39. Rxb2 Rxe1 40. hxg5 hxg5 0-1